रिश्तो में बुनी हुई औरत / (Record no. 198172)

MARC details
000 -LEADER
fixed length control field 00921nam a22001817a 4500
005 - DATE AND TIME OF LATEST TRANSACTION
control field 20230915122001.0
010 ## - LCCN (DPL NO)
LC control number B-755785
020 ## - INTERNATIONAL STANDARD BOOK NUMBER
International Standard Book Number 9789355361325
Terms of availability 200.00
035 ## - SYSTEM CONTROL NUMBER
System control number B-755785
082 ## - DEWEY DECIMAL CLASSIFICATION NUMBER
Edition number 2022
Classification number 821
Item number 1
100 ## - MAIN ENTRY--PERSONAL NAME
Personal name कुमार, प्रभा अनिल
245 ## - TITLE STATEMENT
Title रिश्तो में बुनी हुई औरत /
Statement of responsibility, etc अनिल प्रभा कुमार
260 ## - PUBLICATION, DISTRIBUTION, ETC. (IMPRINT)
Place of publication, distribution, etc जयपुर
Name of publisher, distributor, etc बोधि प्रकाशन
Date of publication, distribution, etc 2022
270 ## - ADDRESS
Address सी - 46 सुदर्शनपुरा इंडस्ट्रियल एरिया एक्सटेंशन नाला रोड , 22गोदाम
City जयपुर
Postal code 302006
300 ## - PHYSICAL DESCRIPTION
Extent 108पृ.
Other physical details 23सेमी (सजिल्द)
942 ## - ADDED ENTRY ELEMENTS (KOHA)
Source of classification or shelving scheme Dewey Decimal Classification
Item type Hindi Books
Edition 2022
Classification part 821
Call number suffix कुमार
Holdings
Withdrawn status Lost status Not for loan Collection code Home library Current library Date acquired Source of acquisition Cost, normal purchase price Full call number Barcode Copy number Cost, replacement price Koha item type
      Non-fiction Sarojini Nagar Sarojini Nagar 15/09/2023 उपहार/23.8.23 200.00 821 कुमार B-755785 1 200.00 Hindi Books

© Delhi Public Library
Hit Counter
free hit counter